000 00490nam a2200217Ia 4500
008 210210b1962 xxu||||| |||| 00| 0 eng d
041 _aeng
082 _a822/1366
100 _aGANDHI (M K)
245 _aSpeach of the supreme Vol. III
260 _aAhmedabad
_bNavajivan publishing house
_c1962
440 _aIII
650 _aVol.
650 _athe
650 _asupreme
650 _aSpeach
650 _aof
650 _aIII
690 _aEnglish Prose
906 _a013547
999 _c132428
_d132428